Welcome to CU Library Online Public Access Catalogue (OPAC)

Programmable logic controllers / (Record no. 8185)

MARC details
000 -LEADER
fixed length control field 00670cam a2200217 a 4500
001 - CONTROL NUMBER
control field 16312250
005 - DATE AND TIME OF LATEST TRANSACTION
control field 20251110165048.0
008 - FIXED-LENGTH DATA ELEMENTS--GENERAL INFORMATION
fixed length control field 100701s2011 nyua 001 0 eng
020 ## - INTERNATIONAL STANDARD BOOK NUMBER
International Standard Book Number 9780073510880
Qualifying information alk. paper
020 ## - INTERNATIONAL STANDARD BOOK NUMBER
International Standard Book Number 0073510882
Qualifying information alk. paper
050 00 - LIBRARY OF CONGRESS CALL NUMBER
Classification number TJ223.P76
Item number P48 2011
082 00 - DEWEY DECIMAL CLASSIFICATION NUMBER
Classification number 629.8/95
Edition information 22
100 1# - MAIN ENTRY--PERSONAL NAME
Personal name Petruzella, Frank D.
245 10 - TITLE STATEMENT
Title Programmable logic controllers /
Statement of responsibility, etc. Frank D. Petruzella.
250 ## - EDITION STATEMENT
Edition statement 4th ed.
260 ## - PUBLICATION, DISTRIBUTION, ETC.
Place of publication, distribution, etc. New York, NY :
Name of publisher, distributor, etc. McGraw-Hill Companies,
Date of publication, distribution, etc. c2011.
300 ## - PHYSICAL DESCRIPTION
Extent xvii, 396 p. :
Other physical details ill. (chiefly col.) ;
Dimensions 28 cm.
500 ## - GENERAL NOTE
General note Includes index.
650 #0 - SUBJECT ADDED ENTRY--TOPICAL TERM
Topical term or geographic name entry element Programmable controllers.
942 ## - ADDED ENTRY ELEMENTS (KOHA)
Source of classification or shelving scheme Library of Congress Classification
Koha item type Books
Edition 4th ed.
Suppress in OPAC No
999 ## -
-- 8185
-- 8185
Holdings
Withdrawn status Lost status Source of classification or shelving scheme Damaged status Not for loan Collection Home library Current library Shelving location Date acquired Total checkouts Full call number Barcode Date last seen Copy number Price effective from Koha item type
    Library of Congress Classification     Non-fiction Science Library (Miotso) Science Library (Miotso) General stacks 11/10/2025   TJ223.P76 P48 PET SLM00005682 11/10/2025 1 11/10/2025 Books
    Library of Congress Classification     Non-fiction Science Library (Miotso) Science Library (Miotso) General stacks 11/10/2025   TJ223.P76 P48 PET SLM00005683 11/10/2025 2 11/10/2025 Books
    Library of Congress Classification     Non-fiction Science Library (Miotso) Science Library (Miotso) General stacks 11/22/2025   TJ223.P76 P48 PET SLM00006032 11/22/2025 3 11/22/2025 Books
    Library of Congress Classification     Non-fiction Science Library (Miotso) Science Library (Miotso) General stacks 11/22/2025   TJ223.P76 P48 PET SLM00006033 11/22/2025 4 11/22/2025 Books
    Library of Congress Classification     Non-fiction Science Library (Miotso) Science Library (Miotso) General stacks 11/22/2025   TJ223.P76 P48 PET SLM00006034 11/22/2025 5 11/22/2025 Books
© 2023-2024 Copyright: Central University Libraries. All Rights Reserved | Created by: Mahone Tech Office